<?xml version="1.0" encoding="UTF-8"?>
<record
    xmlns:xsi="http://www.w3.org/2001/XMLSchema-instance"
    xsi:schemaLocation="http://www.loc.gov/MARC21/slim http://www.loc.gov/standards/marcxml/schema/MARC21slim.xsd"
    xmlns="http://www.loc.gov/MARC21/slim">

  <leader>00874nam a22002177a 4500</leader>
  <datafield tag="999" ind1=" " ind2=" ">
    <subfield code="c">58724</subfield>
    <subfield code="d">58724</subfield>
  </datafield>
  <controlfield tag="005">20220708101934.0</controlfield>
  <controlfield tag="008">220708s2017en  xxu||||| |||| 00| 0 eng d</controlfield>
  <datafield tag="020" ind1=" " ind2=" ">
    <subfield code="a">9781520525075 </subfield>
  </datafield>
  <datafield tag="041" ind1=" " ind2=" ">
    <subfield code="a">eng</subfield>
  </datafield>
  <datafield tag="080" ind1=" " ind2=" ">
    <subfield code="a">37 R-35</subfield>
  </datafield>
  <datafield tag="100" ind1=" " ind2=" ">
    <subfield code="a">Reagan,  A North.</subfield>
    <subfield code="9">14321</subfield>
  </datafield>
  <datafield tag="245" ind1=" " ind2=" ">
    <subfield code="a">Motivational interviewing for school counselors /</subfield>
    <subfield code="c">A North, 	Reagan</subfield>
  </datafield>
  <datafield tag="264" ind1=" " ind2=" ">
    <subfield code="a">USA, </subfield>
    <subfield code="c">2017.</subfield>
  </datafield>
  <datafield tag="300" ind1=" " ind2=" ">
    <subfield code="a">157 pages ;</subfield>
    <subfield code="b">23 cm.</subfield>
  </datafield>
  <datafield tag="653" ind1=" " ind2=" ">
    <subfield code="a">Motivational interviewing for school counselors</subfield>
  </datafield>
  <datafield tag="653" ind1=" " ind2=" ">
    <subfield code="a"> Student counselors -- Training of. Motivational interviewing. Educational counseling.</subfield>
  </datafield>
  <datafield tag="653" ind1=" " ind2=" ">
    <subfield code="a">&#x10E1;&#x10D0;&#x10DB;&#x10DD;&#x10E2;&#x10D8;&#x10D5;&#x10D0;&#x10EA;&#x10D8;&#x10DD; &#x10D8;&#x10DC;&#x10E2;&#x10D4;&#x10E0;&#x10D5;&#x10D8;&#x10E3; &#x10E1;&#x10D9;&#x10DD;&#x10DA;&#x10D8;&#x10E1; &#x10DB;&#x10E0;&#x10E9;&#x10D4;&#x10D5;&#x10D4;&#x10DA;&#x10D4;&#x10D1;&#x10D8;&#x10E1;&#x10D7;&#x10D5;&#x10D8;&#x10E1;</subfield>
  </datafield>
  <datafield tag="653" ind1=" " ind2=" ">
    <subfield code="a">&#x10E1;&#x10D0;&#x10D2;&#x10D0;&#x10DC;&#x10DB;&#x10D0;&#x10DC;&#x10D0;&#x10D7;&#x10DA;&#x10D4;&#x10D1;&#x10DA;&#x10DD; &#x10D9;&#x10DD;&#x10DC;&#x10E1;&#x10E3;&#x10DA;&#x10E2;&#x10D0;&#x10EA;&#x10D8;&#x10D0;.</subfield>
  </datafield>
  <datafield tag="653" ind1=" " ind2=" ">
    <subfield code="a">&#x10D2;&#x10D0;&#x10DC;&#x10D0;&#x10D7;&#x10DA;&#x10D4;&#x10D1;&#x10D0;</subfield>
  </datafield>
  <datafield tag="942" ind1=" " ind2=" ">
    <subfield code="2">udc</subfield>
    <subfield code="c">BK</subfield>
  </datafield>
  <datafield tag="952" ind1=" " ind2=" ">
    <subfield code="0">0</subfield>
    <subfield code="1">0</subfield>
    <subfield code="2">udc</subfield>
    <subfield code="4">0</subfield>
    <subfield code="6">37_R35</subfield>
    <subfield code="7">0</subfield>
    <subfield code="9">92364</subfield>
    <subfield code="a">CPL</subfield>
    <subfield code="b">CPL</subfield>
    <subfield code="c">GEN</subfield>
    <subfield code="d">2022-07-08</subfield>
    <subfield code="g">96.00</subfield>
    <subfield code="o">37 R-35</subfield>
    <subfield code="p">62959</subfield>
    <subfield code="r">2022-07-08</subfield>
    <subfield code="t">62959</subfield>
    <subfield code="w">2022-07-08</subfield>
    <subfield code="y">BK</subfield>
    <subfield code="z">96gel.</subfield>
  </datafield>
</record>
